Geography Quiz

Random Geography or City Quiz

Fix the Antarctica Map Quiz Stats

 Plays Quiz not verified by Sporcle

Score 0/11 Timer 01:00
0 Plays Today
% Correct
ANTARCTICA
99.5%
ANTARCTICA
99.5%
Antarctica
99.3%
ANTARCTICA
99.3%
Antarctica
99.2%
Antarctica
99%
Antarctica
99%
ANTARCTICA
99%
ANTARCTICA
99%
ANTARCTICA
98.9%
Antarctica
98.6%

You're not logged in!

Compare scores with friends on all Sporcle quizzes.
OR
Log In

Show Comments

Extras

Top Quizzes Today


Score Distribution

Your Account Isn't Verified!

In order to create a playlist on Sporcle, you need to verify the email address you used during registration. Go to your Sporcle Settings to finish the process.

Report this User

Report this user for behavior that violates our Community Guidelines.

Details: